000 00373nam a2200145Ia 4500
008 230917s9999||||xx |||||||||||||| ||und||
040 _e257820
_aMAIN
041 _aEnglish
082 _a338.4791 S36I
100 _aSalpekar, Aaradhana
245 0 _aAdventure and geography of tourism
260 _aNew Delhi
_bJhanada Prakashan
_c2009
300 _a303 p.
942 _cBK
999 _c152470
_d152470